Normal view MARC view
  • Vector operator

Entry Topical Term

Number of records used in: 1

001 - CONTROL NUMBER

  • control field: 7751

003 - CONTROL NUMBER IDENTIFIER

  • control field: OSt

005 - DATE AND TIME OF LATEST TRANSACTION

  • control field: 20260112150617.0

008 - FIXED-LENGTH DATA ELEMENTS

  • fixed length control field: 260112|| aca||aabn | a|a d

040 ## - CATALOGING SOURCE

  • Original cataloging agency: OSt
  • Transcribing agency: OSt

150 ## - HEADING--TOPICAL TERM

  • Topical term or geographic name entry element: Vector operator

670 ## - SOURCE DATA FOUND

  • Source citation: Work cat.: (OSt)754993: Colombo, Fabrizio 7750, Quaternionic closed operators, fractional powers and fractional diffusion process, 2019